Загрузка...

Assertiveness skill training

Библиографические подробности
Главный автор: Bishop Sue
Формат: Printed Book
Опубликовано: New Delhi Viva books 2010
Редактирование:1
LEADER 00471nam a22001577a 4500
003 OSt
020 |a 9788130910567 
082 |a 158.2  |b BIS/AS 
100 |a Bishop Sue 
245 |a Assertiveness skill training 
250 |a 1 
260 |a New Delhi  |b Viva books  |c 2010 
300 |a 254p. 
942 |2 ddc  |c BK 
999 |c 190479  |d 190479 
952 |0 0  |1 0  |2 ddc  |4 0  |6 158_200000000000000_BIS_AS  |7 0  |8 FIC  |9 196755  |a KAUCBV  |b KAUCBV  |c CHILD  |d 2017-11-27  |g 295.00  |o 158.2 BIS/AS  |r 2017-11-27  |w 2017-11-27  |y BK